• 首页
  • 本馆介绍
  • 公告通知
  • 最新文献
  • 馆藏检索
  • 电子资源
  • 读者导购
  • 参考咨询
  • 我的图书馆
  • 登录
  • 详细信息显示
  • 放入我的书架
  • 预约/预借图书
  • 作者相关作品
  • 分类相关作品
  • 丛书相关作品
  • 出版社相关作品

书目信息

  • 表格格式
  • 工作单格式
  • 卡片格式
题名:
中级财务会计
    
 
作者: 杨金观 主编
分册:  
出版信息: 北京   中国财政经济出版社  2000
页数: 638页
开本: 20cm
丛书名:
单 册:
中图分类: F234.4
科图分类: 29.849
主题词: 财务会计
电子资源:
ISBN: 7-5005-4770-6
000 00703nam2 2200241 45
001 0198031550
005 20070714153612.60
010    @a7-5005-4770-6@dCNY26.00
100    @a19980611d2000 em y0chiy0121 ea
101 0  @achi
102    @aCN@b110000
105    @ay z 000yy
200 10 @a中级财务会计@Azhong ji cai wu kuai ji@f杨金观主编@Fyang jin guan zhu bian
210    @a北京@c中国财政经济出版社@d2000
215    @a638页@d20cm
300    @a全国高等教育自学考试指定教材 会计专业
300    @a附:中级财务会计自学考试大纲
606    @a财务会计
690    @aF234.4@v3
692    @a29.849@v2
701  0 @a杨金观@Ayang jin guan@4主编
801  0 @aCN@bTSSF@c20070714
905    @a10447@dF234.4@e266
    
    中级财务会计/杨金观主编.-北京:中国财政经济出版社,2000
    638页;20cm
    全国高等教育自学考试指定教材 会计专业.-附:中级财务会计自学考试大纲
    
    ISBN 7-5005-4770-6:CNY26.00
    
●
相关链接 在E读中查询图书 在五车中查询图书 在当当中查询图书 在豆瓣中查询图书


正题名:中级财务会计     索取号:F234.4/266         预约/预借

序号 登录号 条形码 馆藏地/架位号 状态 备注
1 0778600   207786001   第一样本阅览室/ [索取号:F234.4/266] 在馆    
唐山师范学院图书馆 欢迎您!
大连网信软件有限公司© 版权所有